[Event "SLO-chT2 Ost"]
[Site "Maribor"]
[Date "2009.09.05"]
[Round "5"]
[White "Berhtold, Franc"]
[Black "Kosak, Marjan"]
[Result "1/2-1/2"]
[WhiteElo "1969"]
[BlackElo "1804"]
[PlyCount "55"]
[EventDate "2009.05.30"]
[EventType "team-tourn"]
[EventRounds "9"]
[EventCountry "SLO"]
[SourceTitle "EXT 2022"]
[Source "ChessBase"]
[SourceDate "2021.10.06"]
[SourceVersion "1"]
[SourceVersionDate "2021.10.06"]
[SourceQuality "1"]

1. d4 d5 2. c4 c6 3. Nc3 Nf6 4. Nf3 Bf5 5. e3 e6 6. Qb3 b6 7. Nh4 Bg6 8. Nxg6 hxg6 9. Be2 Nbd7 10. Bf3 Bd6 11. h3 Rc8 12. Bd2 0-0 13. 0-0 Bb8 14. Rfe1 Qc7 15. g3 Nh5 16. Ne2 Rfe8 17. Rac1 Qd8 18. cxd5 cxd5 19. e4 dxe4 20. Bxe4 Rxc1 21. Rxc1 Nc5 22. Qf3 Nxe4 23. Qxe4 Nf6 24. Qb7 Qd5 25. Qa6 Ne4 26. Rc8 Qd7 27. Rxe8+ Qxe8 28. Be3 1/2-1/2

[Event "SLO-chT2 Ost"]
[Site "Maribor"]
[Date "2009.06.06"]
[Round "3"]
[White "Berhtold, Franc"]
[Black "Bukovec, Tina"]
[Result "1-0"]
[WhiteElo "1969"]
[BlackElo "1859"]
[PlyCount "85"]
[EventDate "2009.05.30"]
[EventType "team-tourn"]
[EventRounds "9"]
[EventCountry "SLO"]
[SourceTitle "EXT 2022"]
[Source "ChessBase"]
[SourceDate "2021.10.06"]
[SourceVersion "1"]
[SourceVersionDate "2021.10.06"]
[SourceQuality "1"]

1. d4 Nf6 2. c4 c5 3. d5 e6 4. Nc3 exd5 5. cxd5 d6 6. Nf3 g6 7. e4 Bg7 8. Be2 0-0 9. 0-0 Bg4 10. Bg5 Bxf3 11. Bxf3 Re8 12. Re1 Nbd7 13. Qd2 Qb6 14. Rab1 Ne5 15. Be2 c4 16. h3 Rac8 17. Be3 Qa5 18. f4 Ned7 19. Bf3 b5 20. a3 Nc5 21. Bxc5 Rxc5 22. e5 dxe5 23. fxe5 Nd7 24. e6 fxe6 25. dxe6 Ne5 26. Bd5 Qb6 27. Qf2 Re7 28. Rf1 Nd3 29. Qe3 Qd6 30. Qf3 Bd4+ 31. Kh1 Nf2+ 32. Rxf2 Bxf2 33. Ne4 Qd8 34. Nxc5 Bxc5 35. Rf1 Bd4 36. Rd1 Qb6 37. Rf1 Qd8 38. Rd1 Qb6 39. a4 a6 40. axb5 axb5 41. Ra1 Ra7 42. e7+ Kg7 43. Qf8# 1-0

[Event "SLO-chT2 Ost"]
[Site "Maribor"]
[Date "2009.05.30"]
[Round "1"]
[White "Berhtold, Franc"]
[Black "Harnik, Ivan"]
[Result "1/2-1/2"]
[WhiteElo "1969"]
[BlackElo "1938"]
[PlyCount "74"]
[EventDate "2009.05.30"]
[EventType "team-tourn"]
[EventRounds "9"]
[EventCountry "SLO"]
[SourceTitle "EXT 2022"]
[Source "ChessBase"]
[SourceDate "2021.10.06"]
[SourceVersion "1"]
[SourceVersionDate "2021.10.06"]
[SourceQuality "1"]

1. d4 d5 2. c4 c6 3. Nc3 Nf6 4. Nf3 Bf5 5. Ne5 e6 6. e3 Bd6 7. Be2 Nbd7 8. g4 Bxe5 9. dxe5 Bxg4 10. exf6 Bxe2 11. fxg7 Rg8 12. Qxe2 Rxg7 13. cxd5 exd5 14. Bd2 Qc7 15. 0-0-0 0-0-0 16. Kb1 Rg2 17. Rc1 Ne5 18. Nb5 Qb6 19. Bc3 Nc4 20. Nd4 Re8 21. Nc2 f5 22. Rcg1 Reg8 23. Rxg2 Rxg2 24. Ka1 Qd8 25. b3 Nd6 26. Be5 Ne4 27. Rf1 Qe7 28. Bd4 c5 29. Qf3 Qg5 30. Qh3 cxd4 31. Nxd4 Rg1 32. Kb2 Rxf1 33. Qxf1 a5 34. Qh3 Nxf2 35. Qxh7 Qxe3 36. Qxf5+ Kb8 37. Qf8+ Ka7 1/2-1/2